[Event "Bayern-chI Bank Hofmann 27th"]
[Site "Gmund am Tegernsee"]
[Date "2024.10.27"]
[Round "2"]
[White "Bohnhoff, Peter"]
[Black "Giemsa, Stephan"]
[Result "1/2-1/2"]
[WhiteElo "2031"]
[BlackElo "2275"]
[PlyCount "38"]
[EventDate "2024.10.26"]
[EventType "swiss"]
[EventRounds "9"]
[EventCountry "GER"]
[SourceTitle "CB45_2024"]
[Source "ChessBase"]
[SourceDate "2024.11.06"]
[SourceVersion "1"]
[SourceVersionDate "2024.11.06"]
[SourceQuality "1"]

1. Nf3 d5 2. e3 Nf6 3. c4 e6 4. Nc3 c5 5. cxd5 exd5 6. d4 Nc6 7. Bb5 cxd4 8. Nxd4 Bd7 9. 0-0 Bd6 10. b3 0-0 11. Bb2 Qe7 12. Nf3 Be6 13. Ne2 Rac8 14. Ned4 Bg4 15. Be2 Nxd4 16. Bxd4 Ne4 17. Bb2 Nc3 18. Bxc3 Rxc3 19. Qd4 Bxf3 1/2-1/2

[Event "Arco op 44th"]
[Site "Arco"]
[Date "2022.10.08"]
[Round "1"]
[White "Bohnhoff, Peter"]
[Black "Bod, Marton"]
[Result "1/2-1/2"]
[WhiteElo "2064"]
[BlackElo "1682"]
[PlyCount "45"]
[EventDate "2022.10.08"]
[EventType "swiss"]
[EventRounds "9"]
[EventCountry "ITA"]
[SourceTitle "CBM 210 Extra"]
[Source "ChessBase"]
[SourceDate "2022.11.30"]
[SourceVersion "1"]
[SourceVersionDate "2022.11.30"]
[SourceQuality "1"]

1. Nf3 Nf6 2. e3 g6 3. d4 Bg7 4. c4 0-0 5. Nc3 d5 6. cxd5 Nxd5 7. Bc4 Nxc3 8. bxc3 c5 9. 0-0 Qa5 10. Qb3 Nc6 11. Ba3 cxd4 12. cxd4 Bg4 13. Bd5 Qc7 14. Rac1 Bf6 15. h3 Bxf3 16. Bxf3 Qd7 17. Bxc6 bxc6 18. Qa4 Qd5 19. Bb4 a5 20. Bc5 Rfb8 21. Ba3 Qxa2 22. Rc2 Qb3 23. Rc4 1/2-1/2

[Event "Mittelfrank Regionalliga Sud-West 2122"]
[Site "Mittelfranken"]
[Date "2022.06.26"]
[Round "3.5"]
[White "Giss, Arthur"]
[Black "Bohnhoff, Peter"]
[Result "0-1"]
[WhiteElo "2033"]
[BlackElo "2054"]
[PlyCount "52"]
[EventDate "2021.10.24"]
[EventType "team-tourn"]
[EventRounds "9"]
[EventCountry "GER"]
[SourceTitle "EXT 2024"]
[Source "ChessBase"]
[SourceDate "2023.10.10"]
[SourceVersion "1"]
[SourceVersionDate "2023.10.10"]
[SourceQuality "1"]
[WhiteTeam "Dillingen"]
[BlackTeam "Altstadt Roter Turm"]
[WhiteTeamCountry "GER"]
[BlackTeamCountry "GER"]

1. e4 e5 2. Nf3 Nc6 3. Bb5 a6 4. Ba4 d6 5. h3 Nf6 6. d3 g6 7. c3 Bg7 8. 0-0 0-0 9. Re1 Re8 10. Nbd2 b5 11. Bc2 Na5 12. Nf1 c5 13. Be3 Nc6 14. Qd2 Bb7 15. Bh6 d5 16. Bxg7 Kxg7 17. Ng3 h6 18. Rad1 d4 19. Nh2 Qd6 20. Rf1 Rad8 21. f4 c4 22. dxc4 d3 23. fxe5 Qxe5 24. Rxf6 dxc2 25. Rxf7+ Kxf7 26. Rf1+ Kg7 0-1

[Event "Mittelfrank Regionalliga Sud-West 2122"]
[Site "Mittelfranken"]
[Date "2022.03.13"]
[Round "6.5"]
[White "Bohnhoff, Peter"]
[Black "Weichelt, Jens"]
[Result "1/2-1/2"]
[WhiteElo "2054"]
[BlackElo "2029"]
[PlyCount "63"]
[EventDate "2021.10.24"]
[EventType "team-tourn"]
[EventRounds "9"]
[EventCountry "GER"]
[SourceTitle "EXT 2024"]
[Source "ChessBase"]
[SourceDate "2023.10.10"]
[SourceVersion "1"]
[SourceVersionDate "2023.10.10"]
[SourceQuality "1"]
[WhiteTeam "Altstadt Roter Turm"]
[BlackTeam "Augsburg Rochade"]
[WhiteTeamCountry "GER"]
[BlackTeamCountry "GER"]

1. Nf3 d5 2. e3 Nf6 3. c4 e6 4. Nc3 Be7 5. b3 0-0 6. Bb2 c5 7. cxd5 Nxd5 8. Nxd5 Qxd5 9. Bc4 Qd8 10. Qc2 Nd7 11. Bd3 h6 12. 0-0 Bf6 13. Rfd1 Bxb2 14. Qxb2 Qf6 15. Qc2 b6 16. Bh7+ Kh8 17. Be4 Rb8 18. d4 Bb7 19. Bxb7 Rxb7 20. dxc5 Nxc5 21. b4 Nd7 22. Qc6 Rfb8 23. Rac1 Ne5 24. Nxe5 Qxe5 25. h3 Kg8 26. b5 Re7 27. Rd4 Rbb7 28. Rd8+ Kh7 29. Rc8 Rbd7 30. Qc2+ Qf5 31. Qxf5+ exf5 32. Kf1 1/2-1/2

[Event "World Corporate East B"]
[Site "Chess.com INT"]
[Date "2021.02.19"]
[Round "3.8"]
[White "Bohnhoff, Peter"]
[Black "Ravichandran, Siddharth"]
[Result "0-1"]
[WhiteElo "2078"]
[BlackElo "2352"]
[PlyCount "58"]
[EventDate "2021.02.19"]
[EventType "team (rapid)"]
[EventRounds "7"]
[EventCountry "USA"]
[SourceTitle "EXT 2022"]
[Source "ChessBase"]
[SourceDate "2021.10.06"]
[SourceVersion "1"]
[SourceVersionDate "2021.10.06"]
[SourceQuality "1"]
[WhiteTeam "Muenchen Europ Patentamt"]
[BlackTeam "NTT Data Services"]
[WhiteTeamCountry "GER"]
[BlackTeamCountry "IND"]

1. Nf3 d5 2. e3 Nf6 3. c4 c6 4. d4 Bf5 5. Nc3 e6 6. Nh4 Be4 7. f3 Bg6 8. Qb3 Qc7 9. Bd2 Be7 10. Be2 a6 11. Rc1 dxc4 12. Bxc4 b5 13. Be2 c5 14. e4 Nxe4 15. Nxe4 Bxh4+ 16. g3 Bxe4 17. fxe4 Be7 18. dxc5 Nd7 19. c6 Ne5 20. a4 0-0 21. 0-0 Nxc6 22. Be3 Qb7 23. axb5 Na5 24. Qa4 axb5 25. Bxb5 Rfb8 26. Bc6 Nxc6 27. Qxc6 Qxb2 28. Bf4 Ra2 29. Qc8+ Rxc8 0-1

[Event "DSOL 02 Liga Gr-A 1st"]
[Site "Playchess.com INT"]
[Date "2020.07.27"]
[Round "6.2"]
[White "Bohnhoff, Peter"]
[Black "Zeldin, Leonid"]
[Result "1/2-1/2"]
[WhiteElo "2078"]
[BlackElo "2060"]
[PlyCount "41"]
[EventDate "2020.06.22"]
[EventType "team-tourn (rapid)"]
[EventCountry "GER"]
[SourceTitle "EXT 2021"]
[Source "ChessBase"]
[SourceDate "2020.10.23"]
[SourceVersion "1"]
[SourceVersionDate "2020.10.23"]
[SourceQuality "1"]
[WhiteTeam "Altstadt Roter Turm"]
[BlackTeam "Dortmund SV"]
[WhiteTeamCountry "GER"]
[BlackTeamCountry "GER"]

1. Nf3 Nf6 2. c4 c5 3. Nc3 g6 4. e4 d6 5. d4 cxd4 6. Nxd4 Bg7 7. Be2 0-0 8. Be3 Nc6 9. 0-0 Bd7 10. f3 a6 11. Qd2 Rc8 12. Rfc1 Nxd4 13. Bxd4 Be6 14. Nd5 Bxd5 15. cxd5 Qd7 16. b4 Rxc1+ 17. Rxc1 Rc8 18. Rxc8+ Qxc8 19. b5 axb5 20. Bxb5 Nd7 21. Bxg7 1/2-1/2

[Event "Regionalliga Sued-West 1819"]
[Site "Bayern"]
[Date "2019.01.20"]
[Round "5.5"]
[White "Wippich, Markus"]
[Black "Bohnhoff, Peter"]
[Result "0-1"]
[WhiteElo "1971"]
[BlackElo "2033"]
[PlyCount "62"]
[EventDate "2018.10.21"]
[EventType "team-tourn"]
[EventRounds "9"]
[EventCountry "GER"]
[SourceTitle "EXT 2022"]
[Source "ChessBase"]
[SourceDate "2021.10.06"]
[SourceVersion "1"]
[SourceVersionDate "2021.10.06"]
[SourceQuality "1"]
[WhiteTeam "Augsburg SK Rochade"]
[BlackTeam "Altstadt Roter Turm"]
[WhiteTeamCountry "GER"]
[BlackTeamCountry "GER"]

1. d4 d6 2. Nf3 f5 3. Bf4 Nf6 4. e3 g6 5. h4 h6 6. c4 Bg7 7. Nc3 0-0 8. Be2 Ng4 9. Bg3 Nc6 10. Qb3 e5 11. c5+ Kh8 12. 0-0-0 f4 13. Ng5 fxg3 14. Bxg4 Bxg4 15. f3 hxg5 16. fxg4 gxh4 17. Ne4 exd4 18. g5 d5 19. Rxh4+ Kg8 20. Rdh1 Na5 21. Qa4 dxe4 22. Qxa5 c6 23. Qb4 Qxg5 24. Qxb7 Qxe3+ 25. Kb1 Qd3+ 26. Kc1 Rf1+ 27. Rxf1 Qxf1+ 28. Kd2 Qxg2+ 29. Kc1 Qf1+ 30. Kc2 Qd3+ 31. Kc1 Rf8 0-1

[Event "Regionalliga Sued-West 1718"]
[Site "Bayern"]
[Date "2018.01.21"]
[Round "5.6"]
[White "Bohnhoff, Peter"]
[Black "Rebitzer, Winfried"]
[Result "1-0"]
[WhiteElo "2048"]
[BlackElo "1938"]
[PlyCount "93"]
[EventDate "2017.10.22"]
[EventType "team-tourn"]
[EventRounds "9"]
[EventCountry "GER"]
[SourceTitle "EXT 2022"]
[Source "ChessBase"]
[SourceDate "2021.10.06"]
[SourceVersion "1"]
[SourceVersionDate "2021.10.06"]
[SourceQuality "1"]
[WhiteTeam "Altstadt Roter Turm"]
[BlackTeam "Mering"]
[WhiteTeamCountry "GER"]
[BlackTeamCountry "GER"]

1. d4 Nf6 2. Nf3 e6 3. e3 b6 4. Bd3 Bb7 5. 0-0 Be7 6. b3 0-0 7. Bb2 Ne4 8. c4 f5 9. Nc3 d5 10. Rc1 Nd7 11. Ne2 g5 12. cxd5 exd5 13. Ne5 Nxe5 14. dxe5 Qd7 15. Nd4 c5 16. Nxf5 Qxf5 17. f3 Qg6 18. fxe4 Rxf1+ 19. Qxf1 Rf8 20. Qe2 dxe4 21. Bc4+ Kg7 22. Rd1 Bc6 23. h3 Qf5 24. Qc2 Qg6 25. Bd5 Bxd5 26. Rxd5 Kg8 27. Rd7 Qe6 28. Rxa7 g4 29. Qxe4 gxh3 30. Qc4 Qxc4 31. bxc4 Rf1+ 32. Kh2 Rf2 33. Kxh3 Bg5 34. Bc3 Rc2 35. Be1 Bxe3 36. e6 Bg5 37. Bg3 Rxc4 38. Be5 h6 39. Ra8+ Kh7 40. e7 Bxe7 41. Ra7 Kg6 42. Rxe7 Ra4 43. Rb7 Rxa2 44. Rxb6+ Kg5 45. Bg7 h5 46. Rb5 Kg6 47. Bf8 1-0

[Event "GER-chT Betriebe 17th"]
[Site "Berlin"]
[Date "2017.11.03"]
[Round "3.2"]
[White "Muse, Drazen"]
[Black "Bohnhoff, Peter"]
[Result "1-0"]
[WhiteElo "2356"]
[BlackElo "2042"]
[PlyCount "59"]
[EventDate "2017.11.02"]
[EventType "team-swiss"]
[EventRounds "7"]
[EventCountry "GER"]
[SourceTitle "EXT 2020"]
[Source "ChessBase"]
[SourceDate "2019.10.17"]
[SourceVersion "1"]
[SourceVersionDate "2019.10.17"]
[SourceQuality "1"]
[WhiteTeam "Berlin Deutsche Bahn/BSW"]
[BlackTeam "Muenchen EPA"]
[WhiteTeamCountry "GER"]
[BlackTeamCountry "GER"]

1. Nf3 d6 2. d4 f5 3. Nc3 Nf6 4. Bg5 e6 5. e4 fxe4 6. Bxf6 Qxf6 7. Nxe4 Qh6 8. Neg5 Be7 9. Qd2 Nc6 10. h4 Bxg5 11. Qxg5 Qxg5 12. hxg5 g6 13. Bd3 0-0 14. 0-0-0 Bd7 15. Rh4 Kg7 16. Rdh1 Rh8 17. Nd2 Ne7 18. Ne4 Nf5 19. R4h2 Bc6 20. Nf6 h6 21. Bxf5 gxf5 22. Rxh6 Rxh6 23. Rxh6 Bxg2 24. Nh5+ Kf7 25. Nf4 Bd5 26. Rh7+ Kg8 27. Rxc7 Re8 28. Nh5 Rd8 29. Nf6+ Kf8 30. g6 1-0

[Event "Munich OIS op 37th"]
[Site "Munich"]
[Date "2017.10.08"]
[Round "9"]
[White "Bohnhoff, Peter"]
[Black "Feldmann, Johannes"]
[Result "1/2-1/2"]
[WhiteElo "2018"]
[BlackElo "2208"]
[PlyCount "39"]
[EventDate "2017.09.30"]
[EventType "swiss"]
[EventRounds "9"]
[EventCountry "GER"]
[SourceTitle "CBM 181 Extra"]
[Source "ChessBase"]
[SourceDate "2017.12.12"]
[SourceVersion "1"]
[SourceVersionDate "2017.12.12"]
[SourceQuality "1"]

1. d4 d5 2. Nf3 Nf6 3. e3 Bf5 4. c4 c6 5. cxd5 cxd5 6. Qb3 Qc7 7. Bb5+ Nc6 8. 0-0 e6 9. Bd2 Bd6 10. Rc1 0-0 11. Qa4 Rfc8 12. h3 Ne4 13. Be1 Qb6 14. Nbd2 a6 15. Bxc6 bxc6 16. Nb3 Qb5 17. Qxb5 cxb5 18. Nh4 Bg6 19. Nxg6 hxg6 20. f3 1/2-1/2

[Event "Munich OIS op 37th"]
[Site "Munich"]
[Date "2017.10.07"]
[Round "8"]
[White "Koepke, Christian"]
[Black "Bohnhoff, Peter"]
[Result "1-0"]
[WhiteElo "2290"]
[BlackElo "2018"]
[PlyCount "71"]
[EventDate "2017.09.30"]
[EventType "swiss"]
[EventRounds "9"]
[EventCountry "GER"]
[SourceTitle "CBM 181 Extra"]
[Source "ChessBase"]
[SourceDate "2017.12.12"]
[SourceVersion "1"]
[SourceVersionDate "2017.12.12"]
[SourceQuality "1"]

1. e4 e5 2. Nf3 d6 3. d4 exd4 4. Nxd4 Nf6 5. Nc3 Be7 6. Be2 0-0 7. Bf4 Nc6 8. Qd2 Nxd4 9. Qxd4 Be6 10. 0-0-0 a6 11. Qe3 Nd7 12. g4 b5 13. g5 Nb6 14. Qg3 b4 15. Nd5 Nxd5 16. exd5 Bf5 17. Rhe1 Qd7 18. Rd4 Rfb8 19. Bd3 Bf8 20. Bxf5 Qxf5 21. Qd3 Qxd3 22. Rxd3 Rb5 23. Re4 a5 24. Rc4 Rb7 25. Bd2 Rab8 26. Kd1 g6 27. c3 Bg7 28. cxb4 axb4 29. Rb3 Rb5 30. Rcxb4 Rxb4 31. Rxb4 Rc8 32. a4 c5 33. dxc6 Rxc6 34. Rb8+ Bf8 35. Bc3 Rc4 36. Bf6 1-0

[Event "GER-chT Betriebe 16th"]
[Site "Dresden"]
[Date "2016.11.03"]
[Round "2.3"]
[White "Bohnhoff, Peter"]
[Black "Socher, Sabrina"]
[Result "1-0"]
[WhiteElo "2060"]
[BlackElo "1565"]
[PlyCount "155"]
[EventDate "2016.11.03"]
[EventType "team-swiss"]
[EventRounds "7"]
[EventCountry "GER"]
[SourceTitle "EXT 2020"]
[Source "ChessBase"]
[SourceDate "2019.10.17"]
[SourceVersion "1"]
[SourceVersionDate "2019.10.17"]
[SourceQuality "1"]
[WhiteTeam "Muenchen Europ Patentamt"]
[BlackTeam "Muenchen ADAC II"]
[WhiteTeamCountry "GER"]
[BlackTeamCountry "GER"]

1. d4 d5 2. Nf3 Nc6 3. e3 Nf6 4. Bb5 Bd7 5. b3 e6 6. 0-0 Bd6 7. Bb2 0-0 8. Bd3 Nb4 9. Be2 Ne4 10. a3 Na6 11. c4 c6 12. Nbd2 Nxd2 13. Qxd2 Nc7 14. Bd3 f5 15. Bc3 Be8 16. Ne5 Bxe5 17. dxe5 Bh5 18. Ba5 b6 19. Bc3 dxc4 20. bxc4 c5 21. f3 Qg5 22. Qe2 Rad8 23. Bc2 Rd7 24. Ba4 Rdd8 25. Rab1 Be8 26. Bc2 Bh5 27. a4 Rb8 28. a5 Qe7 29. Rfd1 Rfd8 30. Rxd8+ Qxd8 31. Rd1 Qe7 32. Qd2 Ne8 33. Qd7 Kf8 34. Ba4 Rb7 35. Qc8 Rc7 36. Qb8 Rb7 37. Qa8 Rc7 38. Bb5 g5 39. Rd8 Bg6 40. f4 h6 41. Rb8 Bf7 42. axb6 axb6 43. Rxb6 Ra7 44. Qb8 Qc7 45. Qxc7 Nxc7 46. Rc6 Be8 47. Rxc5 Nxb5 48. cxb5 Rb7 49. Bb4 Kf7 50. b6 Rxb6 51. Rc7+ Kg8 52. Be7 g4 53. Bf6 h5 54. Kf2 Rb8 55. Kg3 Bf7 56. Kh4 Rf8 57. Kg5 Kh7 58. Be7 Rg8+ 59. Kf6 Be8 60. Kxe6 Kg6 61. Bc5 Bb5 62. g3 Ra8 63. Kd6 Ra2 64. e6 Rxh2 65. Bd4 h4 66. gxh4 Rxh4 67. Rg7+ Kh6 68. Rg8 Rh3 69. e7 Ba4 70. e8Q Bxe8 71. Rxe8 Kg6 72. Rg8+ Kf7 73. Rg7+ Kf8 74. Ke6 Rxe3+ 75. Bxe3 Kxg7 76. Kxf5 g3 77. Kg4 g2 78. Kf3 1-0

[Event "Hofheim Spring op-A 1st"]
[Site "Hofheim"]
[Date "2013.04.05"]
[Round "7"]
[White "Bohnhoff, Peter"]
[Black "Willems, Matthias"]
[Result "0-1"]
[WhiteElo "1993"]
[BlackElo "2027"]
[PlyCount "59"]
[EventDate "2013.04.02"]
[EventType "swiss"]
[EventRounds "9"]
[EventCountry "GER"]
[SourceTitle "EXT 2018"]
[Source "ChessBase"]
[SourceDate "2017.10.13"]
[SourceVersion "1"]
[SourceVersionDate "2017.10.13"]
[SourceQuality "1"]

1. d4 d6 2. e4 Nf6 3. Nc3 e5 4. dxe5 dxe5 5. Qxd8+ Kxd8 6. Bg5 Be6 7. 0-0-0+ Kc8 8. f3 Nfd7 9. Be3 c6 10. Kb1 b5 11. g3 Bc5 12. Bxc5 Nxc5 13. Bh3 Nbd7 14. Bxe6 Nxe6 15. Nce2 Ndc5 16. Nh3 Kc7 17. c3 f6 18. Rd2 Rad8 19. Rhd1 Rxd2 20. Rxd2 h6 21. Kc2 Ng5 22. Nhg1 Nf7 23. Kd1 Nd6 24. b4 Na4 25. Ke1 Nc4 26. Rc2 Rd8 27. f4 Nab2 28. Nf3 Rd1+ 29. Kf2 Nd3+ 30. Kg2 0-1